000 00456pab a2200181 454500
008 180718b2001 xxu||||| |||| 00| 0 eng d
100 _aSamantaray, Sudhir K.
245 _aAutonomy in Indian higher education
260 _c2001
300 _ap.9-11
362 _a15 Jan
650 _aEducation - India
650 _aHigher education - India
650 _aHigher education
700 _aKrishan Kumar
773 _aUniversity News
909 _a47345
999 _c47345
_d47345